000 01142nam a2200361 a 4500
003 AR-BaBNM
005 20251128210320.0
008 082120s2002 ||||||||||||||000 | spa||
020 _a84-331-0709-1
040 _cAR-BaBNM
245 0 0 _aPrograma de actividades para el desarrollo de la autoestima
_n1
250 _a1ª ed.
260 _aMadrid
_bEscuela Española
_c1996
300 _a134 p.
_bil.
490 0 _aRecuperación y apoyo educativo
_vv. 44
500 _aP.A.D.A.:PROGRAMA DE ACTIVIDADES PARA EL DESARROLLO DE LA AUTOESTIMA
650 4 _aAUTOESTIMA
650 4 _aACTIVIDADES DE APRENDIZAJE
650 4 _aINDEPENDENCIA
650 4 _aAUTOCONTROL
650 4 _aRESPONSABILIDAD DEL NIÑO
650 4 _aPROGRAMAS DE FORMACION
650 4 _aDESARROLLO DE LA PERSONALIDAD
650 4 _aSOLUCION DE PROBLEMAS
700 1 _aAlonso García, Esperanza
700 1 _aQuintana Domínguez, Rafaela
700 1 _aRojas Martín, Margarita
700 1 _aSantana Santana, Andrés
700 1 _aSantana Sánchez, Marta
_eilustrador
700 1 _aMachargo Salvador, Julio
_ecoordinador
942 _cBK
998 _cCarmen
999 _c14916
_d14916